Design, simulation and optimalization of passive photonic devices for communication and medical applications : dátum obhajoby 14.11.2023
Uložené v:
| Hlavný autor: | |
|---|---|
| Ďalší autori: | |
| Médium: | Rukopis Kniha |
| Jazyk: | Slovak English |
| Vydavateľské údaje: |
Bratislava :
STU v Bratislave FEI,
2023
|
| Predmet: | |
| On-line prístup: | https://opac.crzp.sk/?fn=detailBiblioFormChildUCVMF&sid=D2CDA85DA56256F27234ED93BC1D&seo=CRZP-detail-kniha |
| Tagy: |
Žiadne tagy, Buďte prvý, kto otaguje tento záznam!
|
MARC
| LEADER | 00000ntm a22000003a 4500 | ||
|---|---|---|---|
| 001 | stuzp81991 | ||
| 003 | SK-STU | ||
| 005 | 20231120110009.0 | ||
| 007 | ta | ||
| 008 | 150427s2015----xo-----f-mn---000-0-slo-d | ||
| 040 | |a STU |b slo | ||
| 041 | 0 | |a eng | |
| 044 | |a xo | ||
| 100 | 1 | |a Serečunová, Stanislava |u 033000 |4 aut |U FEI Fakulta elektrotechniky a informatiky |T FEI Ústav elektroniky a fotoniky |X 112206 |U E030 |Y 549 |7 112206 | |
| 242 | 0 | 1 | |a Návrh, simulácia a optimalizácia pasívnych fotonických prvkov pre komunikačné a medicínske aplikácie |y slo |
| 245 | 1 | 0 | |a Design, simulation and optimalization of passive photonic devices for communication and medical applications : |b dátum obhajoby 14.11.2023 |
| 260 | |a Bratislava : |b STU v Bratislave FEI, |c 2023 | ||
| 300 | |a 173 s., príl. |b Autoref. 2023, 60 s. | ||
| 650 | 4 | |a pasívne optické prvky |2 slo | |
| 650 | 4 | |a Y-delič |2 slo | |
| 650 | 4 | |a MMI delič |2 slo | |
| 650 | 4 | |a optický vlnovod |2 slo | |
| 650 | 4 | |a S-Bend vlnovod |2 slo | |
| 650 | 4 | |a metóda šírenia svetelného zväzku |2 slo | |
| 650 | 4 | |a oxid kremíka na kremíku |2 slo | |
| 650 | 4 | |a nitrid kremíka |2 slo | |
| 650 | 4 | |a polymér |2 slo | |
| 650 | 4 | |a passive optical component |2 eng | |
| 650 | 4 | |a S-Bend waveguide |2 eng | |
| 650 | 4 | |a Silica-on-Silicon |2 eng | |
| 650 | 4 | |a Silicon Nitride |2 eng | |
| 650 | 4 | |a Y-branch splitter |2 eng | |
| 650 | 4 | |a optical waveguide |2 eng | |
| 650 | 4 | |a polymer |2 eng | |
| 650 | 4 | |a MMI splitter |2 eng | |
| 650 | 4 | |a beam propagation method |2 eng | |
| 700 | 1 | |a Uherek, František |u 033000 |k Z1 |4 ths |U FEI Fakulta elektrotechniky a informatiky |T FEI Ústav elektroniky a fotoniky |X 1937 |U E030 |Y 549 |7 A000001937 | |
| 856 | 4 | |u https://opac.crzp.sk/?fn=detailBiblioFormChildUCVMF&sid=D2CDA85DA56256F27234ED93BC1D&seo=CRZP-detail-kniha | |